000
00282nam a2200133Ia 4500
100
_a
Winston/P.H./ Narasimhan & Sundar
942
_c
BK
654
_a
computer
245
_a
ON to JAVA 1.2.
260
_b
Addison Wesly
_c
1998
300
_a
379
546
_a
ENGLISH
999
_c
31008
_d
31008